MARC details
| 000 -LEADER |
| fixed length control field |
01741cas a2200469 i 4500 |
| 001 - CONTROL NUMBER |
| control field |
200451172 |
| 003 - CONTROL NUMBER IDENTIFIER |
| control field |
TR-AnTOB |
| 005 - DATE AND TIME OF LATEST TRANSACTION |
| control field |
20230516133036.0 |
| 007 - PHYSICAL DESCRIPTION FIXED FIELD--GENERAL INFORMATION |
| fixed length control field |
ta |
| 008 - FIXED-LENGTH DATA ELEMENTS--GENERAL INFORMATION |
| fixed length control field |
070829u19uuuuuutu ar s 0 0tur |
| 010 ## - LIBRARY OF CONGRESS CONTROL NUMBER |
| LC control number |
2004637165 |
| 022 ## - INTERNATIONAL STANDARD SERIAL NUMBER |
| International Standard Serial Number |
1300-3879 |
| Incorrect ISSN |
1300-3879 |
| 035 ## - SYSTEM CONTROL NUMBER |
| System control number |
(OCoLC)ocn166355975 |
|
| System control number |
(TR-AnTOB)200451172 |
| 040 ## - CATALOGING SOURCE |
| Original cataloging agency |
DLC |
| Language of cataloging |
eng |
| Description conventions |
rda |
| Transcribing agency |
DLC |
| Modifying agency |
DLC |
| -- |
OCoLC |
| -- |
TR-AnTOB |
| 041 0# - LANGUAGE CODE |
| Language code of text/sound track or separate title |
Türkçe |
| 042 ## - AUTHENTICATION CODE |
| Authentication code |
pcc |
| 043 ## - GEOGRAPHIC AREA CODE |
| Geographic area code |
a-tu--- |
| 050 00 - LIBRARY OF CONGRESS CALL NUMBER |
| Classification number |
HC491 |
| Item number |
.Y55 |
| 090 ## - LOCALLY ASSIGNED LC-TYPE CALL NUMBER (OCLC); LOCAL CALL NUMBER (RLIN) |
| Classification number (OCLC) (R) ; Classification number, CALL (RLIN) (NR) |
HC491 |
| Local cutter number (OCLC) ; Book number/undivided call number, CALL (RLIN) |
.Y55 |
| 130 0# - MAIN ENTRY--UNIFORM TITLE |
| Uniform title |
Türkiye ekonomisi (Türk Sanayicileri ve İş Adamları Derneği) |
| 245 10 - TITLE STATEMENT |
| Title |
Türkiye ekonomisi / |
| Statement of responsibility, etc. |
Türk Sanayicileri ve İşadamları Derneği. |
| 264 #1 - PRODUCTION, PUBLICATION, DISTRIBUTION, MANUFACTURE, AND COPYRIGHT NOTICE |
| Place of production, publication, distribution, manufacture |
Istanbul : |
| Name of producer, publisher, distributor, manufacturer |
Türk Sanayicileri ve İşadamları Derneği, |
| Date of production, publication, distribution, manufacture, or copyright notice |
2001- |
| 300 ## - PHYSICAL DESCRIPTION |
| Extent |
volumes : |
| Other physical details |
illustrations ; |
| Dimensions |
28 cm |
| 310 ## - CURRENT PUBLICATION FREQUENCY |
| Current publication frequency |
Annual |
| 336 ## - CONTENT TYPE |
| Content type term |
text |
| Content type code |
txt |
| Source |
rdacontent |
| 337 ## - MEDIA TYPE |
| Media type term |
unmediated |
| Media type code |
n |
| Source |
rdamedia |
| 338 ## - CARRIER TYPE |
| Carrier type term |
volume |
| Carrier type code |
nc |
| Source |
rdacarrier |
| 490 0# - SERIES STATEMENT |
| Series statement |
TÜSİAD ; |
| Volume/sequential designation |
Yayın |
| 588 ## - SOURCE OF DESCRIPTION NOTE |
| Source of description note |
Description based on: 2001. |
|
| Source of description note |
Latest issue consulted: 2003. |
| 651 #7 - SUBJECT ADDED ENTRY--GEOGRAPHIC NAME |
| Geographic name |
Türkiye |
| General subdivision |
Ekonomik durum |
| Chronological subdivision |
1960- |
| Form subdivision |
Süreli yayınlar |
| Source of heading or term |
etuturkob |
| 9 (RLIN) |
65270 |
|
| Geographic name |
Türkiye |
| General subdivision |
Ekonomi politikası |
| Form subdivision |
Süreli Yayınlar |
| 9 (RLIN) |
93359 |
|
| Geographic name |
Türkiye |
| General subdivision |
Ekonomik durum |
| Chronological subdivision |
1960- |
| Form subdivision |
İstatistikler |
| -- |
Süreli Yayınlar |
| Source of heading or term |
etuturkob |
| 9 (RLIN) |
65353 |
| 710 2# - ADDED ENTRY--CORPORATE NAME |
| Corporate name or jurisdiction name as entry element |
Türk Sanayicileri ve İş Adamları Derneği |
| 9 (RLIN) |
18434 |
| 730 0# - ADDED ENTRY--UNIFORM TITLE |
| Uniform title |
Turkish economy. |
| 775 08 - OTHER EDITION ENTRY |
| Relationship information |
Issued also in English: |
| Title |
Turkish economy |
| International Standard Serial Number |
1300-1752 |
| Record control number |
(DLC) 89657238 |
| -- |
(OCoLC)6431691 |
| -- |
(TR-AnTOB)200451309 |
| 780 00 - PRECEDING ENTRY |
| Title |
Yılına girerken Türk ekonomisi |
| International Standard Serial Number |
1300-3879 |
| Record control number |
(DLC) 97648101 |
| -- |
(OCoLC)34674545 |
| 942 ## - ADDED ENTRY ELEMENTS (KOHA) |
| Source of classification or shelving scheme |
Library of Congress Classification |
| Koha item type |
Continuing Resource |